Entrepreneurship Motivation in the 21st Century in Terms of Pull and Push Factors

Sociálno-ekonomický význam podnikania v 21. storočí vo vzťahu k ekonomickému rastu sa stal na lokálnej i globálnej úrovni nesporným tak z hľadiska makroekonomických ukazovateľov, ako aj mikroprostredia. Napriek tomu táto oblasť stále ponúka otázky, ktoré je potrebné riešiť a ktoré sa týkajú samotnýc...

Full description

Saved in:
Bibliographic Details
Main Author: Gódány, Zsuzsanna
Other Authors: Machová, Renáta, Mura, Ladislav, 1979-, Zsigmond, Tibor
Format: Book Chapter
Language:English
Subjects:
Tags: Add Tag
No Tags, Be the first to tag this record!

MARC

LEADER 00000naa a2200000 4500
001 0304189
005 20260316133657.9
041 0 |a eng 
044 |a RS 
245 1 0 |a Entrepreneurship Motivation in the 21st Century in Terms of Pull and Push Factors  |c Zsuzsanna Gódány, Renáta Machová, Ladislav Mura, Tibor Zsigmond 
520 |a Sociálno-ekonomický význam podnikania v 21. storočí vo vzťahu k ekonomickému rastu sa stal na lokálnej i globálnej úrovni nesporným tak z hľadiska makroekonomických ukazovateľov, ako aj mikroprostredia. Napriek tomu táto oblasť stále ponúka otázky, ktoré je potrebné riešiť a ktoré sa týkajú samotných podnikateľov, podnikateľského správania, motivácie začať podnikať, ale aj podnikateľského prostredia, ktoré povzbudzuje alebo brzdí ich aktivity alebo postoje. Podnikateľská motivácia často súvisí s push a pull faktormi. Štúdia analyzuje podnikateľskú motiváciu prostredníctvom push a pull faktorov. Na zodpovedanie výskumnej otázky bol ako metóda zberu dát zvolený dotazníkový prieskum. 
610 2 0 |a podnikanie 
610 2 0 |a prostredie podnikateľské 
610 2 0 |a motivácia 
610 2 0 |a podnik malý 
610 2 0 |a podnik stredný 
610 2 0 |a úspech pracovný 
610 2 0 |a sebarealizácia 
610 2 0 |a prieskum 
610 2 0 |a dotazníky 
100 1 |a Gódány, Zsuzsanna 
700 1 |a Machová, Renáta 
700 1 |a Mura, Ladislav, 1979- 
700 1 |a Zsigmond, Tibor